Catálogo

NIÑOS INTELIGENTES CON PROBLEMAS ESCOLARES TODO LO QUE : (Registro nro. 32899)

Detalles MARC
000 -LEADER
fixed length control field 00546nam a2200181 a 4500
001 - CONTROL NUMBER
control field 32899
005 - DATE AND TIME OF LATEST TRANSACTION
control field 20180714000612.0
008 - FIXED-LENGTH DATA ELEMENTS--GENERAL INFORMATION
fixed length control field 140415s1997 000 0 spa d
020 ## - INTERNATIONAL STANDARD BOOK NUMBER
International Standard Book Number 9681330072
041 ## - LANGUAGE CODE
Language code of text/sound track or separate title spa
082 ## - DEWEY DECIMAL CLASSIFICATION NUMBER
Classification number 371.95
Item number VAI
100 1# - MAIN ENTRY--PERSONAL NAME
Personal name VAIL, PRICCILLA L.
245 10 - TITLE STATEMENT
Title NIÑOS INTELIGENTES CON PROBLEMAS ESCOLARES TODO LO QUE :
Remainder of title USTED DEBE SABER Y CONSEJOS PRACTICOS PARA AYUDARLOS
260 ## - PUBLICATION, DISTRIBUTION, ETC.
Place of publication, distribution, etc. [s.l.] :
Name of publisher, distributor, etc. DIANA,
Date of publication, distribution, etc. 1997
300 ## - PHYSICAL DESCRIPTION
Extent 310
650 14 - SUBJECT ADDED ENTRY--TOPICAL TERM
Topical term or geographic name entry element NIOS SUPERDOTADOS
700 1# - ADDED ENTRY--PERSONAL NAME
Personal name CORDOVA, MERCEDES
Relator term tr.
Existencias
Withdrawn status Lost status Source of classification or shelving scheme Damaged status Not for loan Collection code Home library Current library Shelving location Date acquired Source of acquisition Inventory number Total Checkouts Full call number Barcode Date last seen Date last checked out Price effective from Koha item type
    Dewey Decimal Classification     General Biblioteca Karol Wojtyla Biblioteca Karol Wojtyla Sala general 04/08/2016 Compra 151000000000000000041190 1 371.95 VAI 1997 72750 05/01/2026 19/10/2023 04/08/2016 Libro
    Dewey Decimal Classification     General Biblioteca Karol Wojtyla Biblioteca Karol Wojtyla Sala general 03/12/2013 Compra 151000000000000000041189   371.95 VAI 1997 50786 05/01/2026   04/08/2016 Libro